00668nam a2200193Ia 4500008004100000020001500041082001500056100001800071245006300089250000800152260003100160300001200191500002400203650001500227942000700242952010400249952010400353999001700457230524s9999 xx 000 0 und d a8177227130 a174.4bPAR aParthasarathy 0a"Corporate Governance : Principles, Mechanisms & Practice" aIST aNEW DELHIbbiztantrac2008 aXXI;407 aQuantity Number: 2 aManagement cBK 00104070aTATCLbTATCLcGENd2023-05-24l0o174.4 PARp34344r2023-05-24w2023-05-24yBKzMBA305A 00104070aTATCLbTATCLcGENd2023-05-24l0o174.4 PARp34345r2023-05-24w2023-05-24yBKzMBA305A c45077d45077